00412nam a2200145Ia 4500008004100000020001800041041000800059082002000067100002000087245007800107260003700185300000800222365001600230700002000246230718s9999 xx 000 0 und d a9781316617991 aeng a620.001535bBAS aBaskharone E.A. aFinite Element Method With Heat Transfer And Fluid Mechanics Applications c2014bCambridge University Press a373 cRs.b850.00 aBaskharone E.A.